El libro de oro de la mujer en Colombia : (Registro nro. 6461)
[ vista simple ]
| 000 -LEADER | |
|---|---|
| fixed length control field | 01010cam a2200217 a 4500 |
| 003 - CONTROL NUMBER IDENTIFIER | |
| control field | OSt |
| 005 - DATE AND TIME OF LATEST TRANSACTION | |
| control field | 20200210085250.0 |
| 008 - FIXED-LENGTH DATA ELEMENTS--GENERAL INFORMATION | |
| fixed length control field | 930712s2018 ck o r 001 0 spa d |
| 022 ## - INTERNATIONAL STANDARD SERIAL NUMBER | |
| International Standard Serial Number | 2322-9039 |
| 040 ## - CATALOGING SOURCE | |
| Original cataloging agency | CO-BoPUJ |
| Transcribing agency | CO-JMCR |
| 041 0# - LANGUAGE CODE | |
| Language code of text/sound track or separate title | spa |
| 082 04 - DEWEY DECIMAL CLASSIFICATION NUMBER | |
| Classification number | 305.42 / |
| Item number | C129l |
| Edition number | 20 |
| 110 2# - MAIN ENTRY--CORPORATE NAME | |
| Corporate name or jurisdiction name as entry element | Cafam |
| 9 (RLIN) | 294 |
| 245 13 - TITLE STATEMENT | |
| Title | El libro de oro de la mujer en Colombia : |
| Remainder of title | premio cafam a la mujer / |
| Statement of responsibility, etc. | Cafam |
| 260 ## - PUBLICATION, DISTRIBUTION, ETC. | |
| Place of publication, distribution, etc. | Bogotá : |
| Name of publisher, distributor, etc. | Cdafam, |
| Date of publication, distribution, etc. | 2003. |
| 300 ## - PHYSICAL DESCRIPTION | |
| Extent | 147, [14] páginas : |
| Other physical details | ilustraciones, fotografías a color ; |
| Dimensions | 32 cm. |
| 505 ## - FORMATTED CONTENTS NOTE | |
| Formatted contents note | ¿Qué es empoderarse? -- Treinta años de reconocimiento ininterrumpido -- Jurado nacional -- Acta No. 01 de 2018 -- Acto de premiación -- Diplomado en Gestión de Proyectos Sociales -- Mujeres galardonadas -- Mujeres finalistas -- 30 años comprometidos con las mujeres que hacen historia -- Mujeres de oro |
| 650 14 - SUBJECT ADDED ENTRY--TOPICAL TERM | |
| Topical term or geographic name entry element | Mujeres |
| General subdivision | Cuestiones sociales y morales |
| Geographic subdivision | Colombia |
| 9 (RLIN) | 295 |
| 650 24 - SUBJECT ADDED ENTRY--TOPICAL TERM | |
| Topical term or geographic name entry element | Mujeres en el desarrollo de la comunidad |
| Geographic subdivision | Colombia |
| 9 (RLIN) | 296 |
| 942 ## - ADDED ENTRY ELEMENTS (KOHA) | |
| Source of classification or shelving scheme | Dewey Decimal Classification |
| Koha item type | Books |
| Withdrawn status | Lost status | Source of classification or shelving scheme | Damaged status | Not for loan | Collection code | Home library | Current library | Date acquired | Source of acquisition | Total Checkouts | Full call number | Barcode | Date last seen | Date last checked out | Copy number | Price effective from | Koha item type | Shelving location |
|---|---|---|---|---|---|---|---|---|---|---|---|---|---|---|---|---|---|---|
| Dewey Decimal Classification | Non-fiction | Biblioteca Pública José María del Castillo y Rada | Biblioteca Pública José María del Castillo y Rada | 02/10/2020 | Donación | 3 | 305.42 / C129l | 201809852 | 04/20/2026 | 04/20/2026 | Ej.1 | 02/10/2020 | Books | |||||
| Dewey Decimal Classification | Biblioteca Pública José María del Castillo y Rada | Biblioteca Pública José María del Castillo y Rada | Donación | 305.42 / C129l | 201810811 | 05/16/2024 | Ej.2 | Books | General Stacks |